Central Library OPAC University of Rajshahi

বিহারীলালের কাব্য-সংগ্রহ / (Record no. 48815)

MARC details
000 -LEADER
fixed length control field 00931nam a2200241 a 4500
001 - CONTROL NUMBER
control field 48815
003 - CONTROL NUMBER IDENTIFIER
rucl marc code BD-RjUL
005 - DATE AND TIME OF LATEST TRANSACTION
control field 20211209054605.0
008 - FIXED-LENGTH DATA ELEMENTS--GENERAL INFORMATION
fixed length control field 160816s1950 ii ||||| |||| 00| p ben d
020 ## - INTERNATIONAL STANDARD BOOK NUMBER
Terms of availability : Tk. .75
035 ## - SYSTEM CONTROL NUMBER
System control number (BD-RjUL)48934
040 ## - CATALOGING SOURCE
Original cataloging agency BD-RjUL
Language of cataloging ben
Transcribing agency BD-RjUL
041 ## - LANGUAGE CODE
Language code of text/sound track or separate title ben
082 ## - DEWEY DECIMAL CLASSIFICATION NUMBER
Edition number 23
Classification number 891.44108
Author mark and year BIB 1950
100 1# - MAIN ENTRY--PERSONAL NAME
Personal name চক্রবর্ত্তী, বিহারীলাল
9 (RLIN) 117368
245 10 - TITLE STATEMENT
Title বিহারীলালের কাব্য-সংগ্রহ /
Statement of responsibility, etc. বিহারীলাল চক্রবর্ত্তী
250 ## - EDITION STATEMENT
Edition statement ৩য় সং.
260 ## - PUBLICATION, DISTRIBUTION, ETC. (IMPRINT)
Place of publication, distribution, etc. কলিকাতা :
Name of publisher, distributor, etc. কলিকাতা বিশ্ববিদ্যালয়,
Date of publication, distribution, etc. ১৯৫০
300 ## - PHYSICAL DESCRIPTION
Pagination ৬১০ পৃ. ;
Size ২৪ সেমি
650 ## - SUBJECT ADDED ENTRY--TOPICAL TERM
Topical term or geographic name as entry element বাংলা কবিতা
General subdivision সংগ্রহ
9 (RLIN) 126131
Topical term or geographic name as entry element Bengali Poetry
General subdivision Collection
9 (RLIN) 126132
942 ## - ADDED ENTRY ELEMENTS (KOHA)
Source of classification or shelving scheme Dewey Decimal Classification
Koha item type Books
Holdings
Lost status Source of classification or shelving scheme Damaged status Not for loan Collection code Permanent Location Current Location Shelving location Date acquired Source of acquisition Cost, normal purchase price Total Checkouts Full call number Date last seen Copy number Koha item type
  Dewey Decimal Classification     Non-fiction Central Library, University of Rajshahi Central Library, University of Rajshahi   03/02/1958 Kamala Book 7.50   B 891.44108 BIB 1950 16/08/2016 C-2 Books
  Dewey Decimal Classification   Not For Loan Non-fiction Central Library, University of Rajshahi Central Library, University of Rajshahi Reading Room 11/07/1956 Nowroze Kitabistan, Dacca 8.80   B 891.44108 BIB 1950 08/04/2018 C-1 Books
  Dewey Decimal Classification     Non-fiction Central Library, University of Rajshahi Central Library, University of Rajshahi General Stacks 30/09/1957 Komala Book 7.80   B 891.44108 BIB 1950 02/12/2024 C-3 Books